000 02152nam0a2200349 4500
001 RU\NLR\bibl\824645
005 20260408070310.0
010 _a5-288-03604-7
021 _aRU
_b2005-33658
_91687
035 _a(NLR Aleph) 000813550
090 _a1256441
_c1256441
100 _a20050728d2005 |||y0rusy50 ca
101 0 _arus
102 _aRU
105 _ay |||||||||
200 1 _aФилософия западноевропейского Средневековья
_eучебное пособие для студентов высших учебных заведений, обучающихся по специальностям и направлениям "Философия", "Политология", "Культурология"
_f[к.филос.н. О.Э. Душин, д.филос.н. А.Г. Погоняйло, д.филос.н. Р.В. Светлов и др.]
_gотв. ред. Д.В. Шмонин
_gС.-Петерб. гос. ун-т
210 _aСанкт-Петербург
_cИздательство С.-Петербургского университета
_d2005
215 _a298 с.
_d22
300 _aАвт. указаны на обороте тит. л.
320 _aБиблиогр.: с. 290-295
606 1 _aФилософия западноевропейская
_jУчебные издания для высших учебных заведений
_xИстория
_92094253
_3RU\NLR\auth\661267270
686 _aЮ3(4)я73
701 1 _aДушин
_bО. Э.
_gОлег Эрнестович
_4070
701 1 _aПогоняйло
_bА. Г.
_gАлександр Григорьевич
_4070
701 1 _4070
_8rus
_7ca
_aСветлов
_bР.В.
_gРоман Викторович
_3RU\NLR\auth\7719714
_92785
702 1 _aШмонин
_bД. В.
_gДмитрий Викторович
_4340
712 0 2 _4570
_aСанкт-Петербургский государственный университет
_3RU\NLR\AUTH\8810043151
_9585805
801 0 _aRU
_bNLR
_c20050728
_grcr
801 1 _aRU
_bNLR
_c20050728
942 _cBOOK
980 _aNB